| 000 | 00681nam a22002177i 4500 | ||
|---|---|---|---|
| 999 |
_c23216 _d23216 |
||
| 003 | AR-CdUCM | ||
| 008 | 250219b20162016 pe||||| |||| 00| 0 spa d | ||
| 020 | _a978-84-8470-549-9 | ||
| 040 |
_aMUNICIPALIDAD PROVINCIAL DEL CUSCO _cBIBLIOTECA MUNICIPAL DEL CUSCO |
||
| 041 | _hspa | ||
| 082 |
_aPI / 803 / P42 _bP42 |
||
| 100 |
_aDe la Peña, Matt _951031 |
||
| 245 | _aÚltima Parada de la Calle Market / | ||
| 260 |
_bEditorial Corimbo _c2016 |
||
| 300 |
_a34 páginas. : _c27x22 cm. |
||
| 505 | _aLa última parada de la calle market | ||
| 700 |
_aRobinson, Christian (Ilustración) _951032 |
||
| 856 | _fwww.corimbo.es | ||
| 942 |
_2ddc _cLIBROS |
||
| 945 |
_apbjr _d19-02-2025 |
||